000
00481nam a2200169Ia 4500
008
090711s9999 xx 000 0 und d
082
_b
40260
100
_a
आफळे गोविंद
245
_a
सावरकर गाथा
260
_c
1967
300
_a
28
600
_a
आफळे गोविंद
630
_a
सावरकर गाथा
700
_a
आफळे गोविंद
730
_a
सावरकर गाथा
942
_c
BOOK
999
_c
290425
_d
290425